Les savons et les detergents
Saved in:
| Main Author: | |
|---|---|
| Format: | Book |
| Language: | Undetermined |
| Published: |
Paris
Presses Universitaires de France
1970
|
| Subjects: | |
| Tags: |
Add Tag
No Tags, Be the first to tag this record!
|
| Institutions: | Trung tâm Học liệu Trường Đại học Cần Thơ |
|---|
| LEADER | 00485nam a2200181Ia 4500 | ||
|---|---|---|---|
| 001 | CTU_107166 | ||
| 008 | 210402s9999 xx 000 0 und d | ||
| 082 | |a 660 | ||
| 082 | |b C819 | ||
| 100 | |a Cornu, Charles X. | ||
| 245 | 0 | |a Les savons et les detergents | |
| 245 | 0 | |c Charles X. Cornu | |
| 260 | |a Paris | ||
| 260 | |b Presses Universitaires de France | ||
| 260 | |c 1970 | ||
| 650 | |a Chemical industry | ||
| 904 | |i Truc | ||
| 980 | |a Trung tâm Học liệu Trường Đại học Cần Thơ | ||